| 000 | 00392cam a2200181 4500 | ||
|---|---|---|---|
| 001 | D12743 | ||
| 008 | 090401t1939 xxu||||| |||| 00| 0 eng d | ||
| 035 | _a(Sirsi) u5423 | ||
| 041 | _aeng | ||
| 100 | _aFletcher, Banister | ||
| 245 | _aQuantities | ||
| 250 | _a11th | ||
| 260 |
_aLondon _bB T Batsford _c1939 |
||
| 350 | _a0 | ||
| 520 | _aShelf 304 | ||
| 942 | _n0 | ||
| 948 | _c04/03/1997 | ||
| 999 |
_c86178 _d86178 |
||